Mood Ring - Lorde (All Lyrics) - Statistics

General Stats
  • This quiz has been taken 17 times
  • The average score is 164 of 275
Answer Stats
Hint Answer % Correct
can
100%
I,
100%
I
100%
a
92%
in
92%
keep
92%
mood
92%
ring
92%
Can't
83%
can't
83%
feel
83%
just
83%
look
83%
looking
83%
me
83%
my
83%
thing
83%
and
75%
at
75%
away?
75%
away,
75%
away
75%
blow
75%
blows
75%
(Blows
75%
but
75%
feeling
75%
how
75%
If
75%
if
75%
[Verse 1] | [Verse 2] I'm
75%
on
75%
only
75%
right)
75%
right,
75%
Tell
75%
The
75%
the
75%
to
75%
We
75%
wind
75%
get
67%
high,
67%
I'll
67%
so
67%
sun
67%
you
67%
You
67%
be
58%
burn
58%
crystals
58%
far
58%
Floating
58%
floating
58%
it
58%
it's
58%
sage
58%
some
58%
them
58%
what
58%
2000s
50%
all
50%
All
50%
begin
50%
cleanse
50%
Don't
50%
early
50%
ever
50%
generation
50%
inside
50%
[Pre-Chorus] Ladies,
50%
let
50%
out
50%
Pluto
50%
salutations
50%
Scorpio
50%
seem
50%
think
50%
your
50%
as
42%
dancing
42%
down
42%
find
42%
fix
42%
girls
42%
go
42%
grow
42%
have
42%
is
42%
letting
42%
light)
42%
(Love
42%
roots
42%
[Outro] Take
42%
(Take
42%
tryna
42%
whole
42%
world
42%
(Anywhere)
33%
bubbles,
33%
dark
33%
fly
33%
from
33%
kinda
33%
kinda)
33%
Let's
33%
Now
33%
of
33%
rings
33%
sad
33%
they'll
33%
(They'll
33%
'til
33%
Today,
33%
well
33%
We'll
33%
what's
33%
wrong
33%
celebrity
25%
consume
25%
eastern,
25%
news,
25%
oceans
25%
place
25%
riptides
25%
sing
25%
Transcendental
25%
us
25%
vitamins
25%
back
17%
know,
17%
life
17%
meditations
17%
need
17%
need)
17%
Plants
17%
set,
17%
wanna
17%
we're
17%
(Ah-ah)
8%
alright?
8%
Watch
8%
will
8%
(Ay-ay-ay-ay)
0%
havе
0%
ri-ri-ri-right)
0%
somewherе
0%
No matching quizzes found
Score Distribution
Percent of People with Each Score
Percentile by Number Answered
Your Score History
You have not taken this quiz